000 01572cam a22003131i 4500
003 SA-RiAUC
005 20241224122246.0
008 241218s2014 su f 00010 ara c
020 _a9786038155004
040 _aSA-MaUQU
_bara
_cSA-RiAUC
_erda
082 0 4 _a251
_qSA-RiAUC
090 _a251
_b ي م ن
100 1 _aاليمني، محمد بن عبد العزيز بن سعد
_eمؤلف.
245 1 2 _aالاختلاف بين المذاهب الفقهية :
_bأسبابه وأثره في فهم الحديث النبوي /
_cإعداد محمد عبد العزيز اليمني.
250 _aالطبعة الأولى.
264 1 _aالرياض :
_bدار كنوز إشبيليا،
_c2014
300 _a67 صفحة ؛
_c24 سم.
336 _aنص
_btxt
_2rdacontent
_3كتاب
337 _aبدون وسيط
_bn
_2rdamedia
338 _aمجلد
_bnc
_2rdacarrier
490 1 _aالبحوث العلمية المحكمة ؛
_v26
500 _aأصل الكتاب بحث منشور في مجلة دراسات إسلامية تصدرها وزارة الشؤون الإسلامية والأوقاف بالمملكة العربية السعودية ع. 18 رجب 1431 هـ. يونيو 2010 م.
650 7 _aالاختلاف (فقه إسلامي)
_2aucsh
650 7 _aالفقه الإسلامي
_xمذاهب
_2aucsh
650 7 _aالحديث
_xشرح
_2aucsh
830 2 _aالبحوث العلمية المحكمة (دار كنوز إشبيليا للنشر والتوزيع)
_v26
942 _2ddc
_cBOOK
_n0
949 _aSA-JeALM
_d241218
_umohamedma123
_n1
999 _c3911
_d3911